Assessment methods of the influence on environment in the context of eco-design process
Koncept, metódy a nástroje ekologického dizajnu. Kritická analýza a hodnotenie metód v procesoch ekologického dizajnu. Hodnotiace kritériá vybraných metód a ich vlastnosti.
Salvato in:
| Autore principale: | |
|---|---|
| Altri autori: | , , |
| Natura: | Capitolo di libro |
| Lingua: | inglese |
| Soggetti: | |
| Tags: |
Nessun Tag, puoi essere il primo ad aggiungerne!!
|
MARC
| LEADER | 00000naa$a2200000$$$4500 | ||
|---|---|---|---|
| 001 | 0214617 | ||
| 005 | 20240502083539.0 | ||
| 041 | 0 | |a eng | |
| 044 | |a NL | ||
| 245 | 1 | 0 | |a Assessment methods of the influence on environment in the context of eco-design process |c Lucia Bednárová, Lucina Witek, Renata Piętowska-Laska, Andrzej Laska |
| 520 | |a Koncept, metódy a nástroje ekologického dizajnu. Kritická analýza a hodnotenie metód v procesoch ekologického dizajnu. Hodnotiace kritériá vybraných metód a ich vlastnosti. | ||
| 610 | 2 | 0 | |a analýza hodnotová |
| 610 | 2 | 0 | |a prostredie životné |
| 610 | 2 | 0 | |a dizajn |
| 610 | 2 | 0 | |a procesy podnikové |
| 100 | 1 | |a Bednárová, Lucia | |
| 700 | 1 | |a Witek, Lucina | |
| 700 | 1 | |a Piętowska-Laska, Renata | |
| 700 | 1 | |a Laska, Andrzej | |